Rappeurs français par hit - Statistiques

Statistiques générales
  • Ce quiz a été pris 22 237 fois
  • Le résultat moyen est 14 sur 20
Statistiques - réponses
Hint Réponse % Correct
Réseaux Niska
91%
Au DD PNL
90%
DIE Gazo
89%
Tchoin Kaaris
88%
Putana Ninho
86%
Basique Orelsan
82%
JCVD Jul
80%
Un peu de haine PLK
79%
Urus Favé
78%
Pas bête Beendo Z
77%
Fixette Ziak
77%
Fume à fond Lorenzo
73%
Train de vie Koba la D
72%
Je danse le Mia IAM
67%
TDB OBOY
65%
DKR Booba
60%
Billets vert Maes
60%
Andale Sadek
46%
Je pense à toi Hornet La Frappe
39%
7.65 Zola
38%
Aucun quiz correspondant
Distribution des résultats
% des personnes avec chaque résultat
Percentile par nombre de réponses
Votre historique - résultats
Vous n’avez pas pris ce quiz